000 00499nab a2200157Ia 4500
003 ES-SlBCS
005 20210601143125.0
008 140529s2004 xxu||||| |||| 00| 0 spa d
041 _aspa
100 1 _aMaza Ruiz, David
_9281533
245 0 0 _aLos tres triángulos competenciales
_c David Maza Ruiz, Juan José Goñi Zabala
650 0 4 _aGestión
_9208878
700 1 _aGoñi Zabala, Juan José
_9281534
773 0 _tLetras de Deusto
_gvol. 34, nº. 103, 2004, págs. 265-272
_wRev252
942 _cAR
999 _c687454
_d687454